25 best companies to work for 2012 - Statistics

General Stats
  • This quiz has been taken 36 times
  • The average score is 2 of 25
Answer Stats
Company % Correct
4. Google
74%
1. Microsoft
51%
8. McDonald's
37%
23. Coca Cola
23%
14. Intel
17%
6. Cisco
11%
10. SC Johnson
9%
3. NetApp
6%
16. 3M
3%
12. American Express
3%
5. Fedex
3%
7. Marriot
3%
20. Accenture
0%
24. Atento
0%
11. Diageo
0%
15. Hilti
0%
9. Kimberly Clark
0%
19. Mars
0%
13. Medtronic
0%
18. National Instruments
0%
22. Novo Nordisk
0%
25. Quintiles
0%
21. Roche
0%
2. SAS
0%
17. Telefonica
0%
No matching quizzes found
Score Distribution
Percent of People with Each Score
Percentile by Number Answered
Your Score History
You have not taken this quiz